Los estudios culturales en México (Record no. 67613)
[ view plain ]
| 000 -LEADER | |
|---|---|
| fixed length control field | 00793cam a2200229 4500 |
| 005 - DATE AND TIME OF LATEST TRANSACTION | |
| control field | 20260309135946.0 |
| 008 - FIXED-LENGTH DATA ELEMENTS--GENERAL INFORMATION | |
| fixed length control field | 191007b mx ||||| |||| 00| 0 spa d |
| 020 ## - INTERNATIONAL STANDARD BOOK NUMBER | |
| International Standard Book Number | 9681670818 |
| 050 04 - LIBRARY OF CONGRESS CALL NUMBER | |
| Classification number | HM623 |
| Item number | E88 2003 |
| 245 14 - TITLE STATEMENT | |
| Title | Los estudios culturales en México |
| Statement of responsibility, etc | / José Manuel Valenzuela Arce (coordinador) |
| 250 ## - EDITION STATEMENT | |
| Edition statement | 1a ed. |
| 260 ## - PUBLICATION, DISTRIBUTION, ETC. (IMPRINT) | |
| Place of publication, distribution, etc | México : |
| Name of publisher, distributor, etc | Consejo Nacional para la Cultura y las Artes : |
| -- | Fondo de Cultura Económica, |
| Date of publication, distribution, etc | 2003 |
| 300 ## - PHYSICAL DESCRIPTION | |
| Extent | 464 p. ; |
| Dimensions | 21 cm. |
| 490 0# - SERIES STATEMENT | |
| Series statement | Biblioteca Mexicana |
| 490 0# - SERIES STATEMENT | |
| Series statement | Sociología |
| 504 ## - BIBLIOGRAPHY, ETC. NOTE | |
| Bibliography, etc | Incluye bibliografías |
| 650 #7 - SUBJECT ADDED ENTRY--TOPICAL TERM | |
| Source of heading or term | lemb |
| Topical term or geographic name as entry element | Cultura |
| Geographic subdivision | México |
| 650 #7 - SUBJECT ADDED ENTRY--TOPICAL TERM | |
| Source of heading or term | lemb |
| Topical term or geographic name as entry element | Cultura popular |
| Geographic subdivision | México |
| 650 #7 - SUBJECT ADDED ENTRY--TOPICAL TERM | |
| Source of heading or term | lemb |
| Topical term or geographic name as entry element | Antropología cultural |
| Geographic subdivision | México |
| 700 1# - ADDED ENTRY--PERSONAL NAME | |
| Personal name | Valenzuela Arce, José Manuel, |
| Relator term | coordinador |
| 942 ## - ADDED ENTRY ELEMENTS (KOHA) | |
| Source of classification or shelving scheme | Biblioteca del Cogreso de los Estados Unidos |
| Koha item type | Libro |
| Estado de pérdida | Fuente de clasificación | Estado del daño | No para préstamo | Ubicación permanente | Ubicación actual | Apartado o colección | Fecha de adquisición | Edición | Dependencia de educación superior (DES) | Área del conocimiento | Clasificación | Código de Barras | Date last seen | Número de copia | Tipo de recurso | Fuente de adquisición | Costo por reposición | Total Checkouts |
|---|---|---|---|---|---|---|---|---|---|---|---|---|---|---|---|---|---|---|
| Biblioteca del Cogreso de los Estados Unidos | Biblioteca de la Facultad de Filosofía | Biblioteca de la Facultad de Filosofía | General | 17/06/2015 | 1a. ed. | Humanidades | Educación y Humanidades | HM623 E88 2003 | BFF000010912 | 17/06/2015 | C:3 | Libro | ||||||
| Biblioteca del Cogreso de los Estados Unidos | Biblioteca de la Facultad de Filosofía | Biblioteca de la Facultad de Filosofía | General | 17/06/2015 | 1a. ed. | Humanidades | Educación y Humanidades | HM623 E88 2003 | BFF000010911 | 17/06/2015 | C:2 | Libro | ||||||
| Biblioteca del Cogreso de los Estados Unidos | Biblioteca de la Facultad de Filosofía | Biblioteca de la Facultad de Filosofía | General | 17/06/2015 | 1a. ed. | Humanidades | Educación y Humanidades | HM623 E88 2003 | BFF000010910 | 17/06/2015 | C:1 | Libro | ||||||
| Biblioteca del Cogreso de los Estados Unidos | Biblioteca de la Facultad de Filosofía | Biblioteca de la Facultad de Filosofía | General | 02/07/2018 | 1a ed. | Humanidades | Educación y Humanidades | HM623 E88 2003 | BFF000029775 | 02/07/2018 | C:4 | Libro | Programa de Fortalecimiento de la Calidad en Instituciones Educativas 2014 | |||||
| Biblioteca del Cogreso de los Estados Unidos | Biblioteca de la Facultad de Filosofía | Biblioteca de la Facultad de Filosofía | General | 07/08/2018 | 1a ed. | Humanidades | Educación y Humanidades | HM623 E88 2003 | BFF000030631 | 07/08/2018 | C:5 | Libro | Programa de Fortalecimiento de la Calidad en Instituciones Educativas 2014 | |||||
| Biblioteca del Cogreso de los Estados Unidos | Biblioteca de la Facultad de Letras | Biblioteca de la Facultad de Letras | General | 09/03/2026 | 1a ed. | Ciencias Sociales y Administrativas | HM623 E88 r2013 | LLH000010381 | 09/03/2026 | 1 | Libro | 1.00 | ||||||
| Biblioteca del Cogreso de los Estados Unidos | Biblioteca del Instituto de Investigaciones Históricas | Biblioteca del Instituto de Investigaciones Históricas | General | 28/08/2018 | 1a ed. | Humanidades | Ciencias Sociales y Administrativas | HM623 E88 2003 | IIH000025544 | 28/08/2018 | C:1 | Libro | 1.00 | |||||
| Biblioteca del Cogreso de los Estados Unidos | Biblioteca del Instituto de Investigaciones Históricas | Biblioteca del Instituto de Investigaciones Históricas | General | 28/08/2018 | 1a ed. | Humanidades | Ciencias Sociales y Administrativas | HM623 E88 2003 | IIH000025545 | 28/08/2018 | C:2 | Libro | 1.00 | |||||
| Biblioteca del Cogreso de los Estados Unidos | Biblioteca del Instituto de Investigaciones Históricas | Biblioteca del Instituto de Investigaciones Históricas | General | 28/08/2018 | Ciencias Sociales y Administrativas | HM623 E88 r2013 | IIH000025546 | 28/08/2018 | C:1 | Libro | 1.00 |